[Event "WSCC 50 Open 2017"]
[Site "?"]
[Date "2017.11.12"]
[Round "6"]
[White "Contin, Daniel"]
[Black "Jhunjhnuwala, Krishan"]
[Result "0-1"]
[WhiteElo "2272"]
[BlackElo "2340"]
[PlyCount "72"]
[EventDate "2017.??.??"]
[EventType "swiss"]
[EventCountry "ITA"]
[SourceTitle "Acqui Terme"]
[TimeControl "40/5400+30:1800+30"]
[WhiteClock "0:00:40"]
[BlackClock "0:14:42"]

1. c4 {[%emt 0:00:00]} e6 {[%emt 0:00:19]} 2. Nf3 {[%emt 0:00:00]} d5 {[%emt 0:00:19]} 3. g3 {[%emt 0:00:52]} c5 {[%emt 0:00:36]} 4. Bg2 {[%emt 0:00:12]} Nc6 {[%emt 0:00:35]} 5. O-O {[%emt 0:00:41]} Nf6 {[%emt 0:00:27]} 6. b3 {[%emt 0:00:16]} Be7 {[%emt 0:01:06]} 7. e3 {[%emt 0:00:08]} O-O {[%emt 0:01:35]} 8. Qe2 {[%emt 0:00:17]} Re8 {[%emt 0:04:08]} 9. Bb2 {[%emt 0:03:24]} b6 {[%emt 0:08:48]} 10. Rd1 {[%emt 0:02:51]} Ba6 {[%emt 0:04:35]} 11. Nc3 {[%emt 0:02:09]} Rc8 {[%emt 0:03:40]} 12. Nb5 {[%emt 0:00:28]} Bxb5 {[%emt 0:04:14]} 13. cxb5 {[%emt 0:00:08]} Nb8 {[%emt 0:01:42]} 14. d4 {[%emt 0:02:45]} Nbd7 {[%emt 0:02:23]} 15. Rac1 {[%emt 0:01:27]} Bf8 {[%emt 0:03:47]} 16. a4 {[%emt 0:01:23]} Qc7 {[%emt 0:06:01]} 17. dxc5 {[%emt 0:05:30]} bxc5 {[%emt 0:00:50]} 18. Nd4 {[%emt 0:00:32]} Qb6 {[%emt 0:04:41]} 19. Nc6 {[%emt 0:00:34]} a6 {[%emt 0:01:32]} 20. e4 {[%emt 0:04:57]} d4 {[%emt 0:07:26]} 21. g4 {[%emt 0:23:28]} axb5 {[%emt 0:02:28]} 22. axb5 {[%emt 0:03:05]} h6 {[%emt 0:06:09]} 23. h4 {[%emt 0:06:41]} e5 {[%emt 0:01:43]} 24. g5 {[%emt 0:00:12]} hxg5 {[%emt 0:01:11]} 25. hxg5 {[%emt 0:00:01]} Nh7 {[%emt 0:00:50]} 26. Qg4 {[%emt 0:06:39]} Re6 {[%emt 0:02:38]} 27. Bf1 {[%emt 0:10:38]} Rcxc6 {[%emt 0:02:38]} 28. bxc6 {[%emt 0:00:43]} Qxc6 {[%emt 0:00:09]} 29. Rd3 {[%emt 0:13:32]} Rg6 {[%emt 0:02:15]} 30. Rg3 {[%emt 0:00:30]} Ndf6 {[%emt 0:03:58]} 31. Qe2 {[%emt 0:06:34]} Nxe4 {[%emt 0:05:14]} 32. Rg4 {[%emt 0:00:06]} Nexg5 {[%emt 0:01:13]} 33. Bg2 {[%emt 0:00:32]} e4 {[%emt 0:00:46]} 34. Bxd4 {[%emt 0:00:47]} Nf3+ {[%emt 0:00:49]} 35. Kf1 {[%emt 0:03:51]} Rxg4 {[%emt 0:00:24]} 36. Bxc5 {[%emt 0:01:27]} Rxg2 {[%emt 0:02:39]} 0-1

[Event "WSCC 50 Open 2017"]
[Site "?"]
[Date "2017.11.12"]
[Round "6"]
[White "Luciani, Carlo"]
[Black "Welling, Gerard"]
[Result "1/2-1/2"]
[WhiteElo "2232"]
[BlackElo "2316"]
[PlyCount "101"]
[EventDate "2017.??.??"]
[EventType "swiss"]
[EventCountry "ITA"]
[SourceTitle "Acqui Terme"]
[TimeControl "40/5400+30:1800+30"]
[WhiteClock "0:26:51"]
[BlackClock "0:34:02"]

1. e4 {[%emt 0:00:00]} c6 {[%emt 0:02:14]} 2. Nc3 {[%emt 0:00:00]} d5 {[%emt 0:00:07]} 3. Nf3 {[%emt 0:00:00]} dxe4 {[%emt 0:01:25]} 4. Nxe4 {[%emt 0:00:02]} Nf6 {[%emt 0:00:03]} 5. Nxf6+ {[%emt 0:00:25]} exf6 {[%emt 0:01:22]} 6. Bc4 {[%emt 0:01:09]} Bd6 {[%emt 0:00:50]} 7. O-O {[%emt 0:00:14]} O-O {[%emt 0:00:06]} 8. d4 {[%emt 0:00:54]} Bg4 {[%emt 0:04:11]} 9. Re1 {[%emt 0:04:13]} Nd7 {[%emt 0:01:49]} 10. h3 {[%emt 0:01:59]} Bh5 {[%emt 0:00:49]} 11. c3 {[%emt 0:00:33]} Qc7 {[%emt 0:01:24]} 12. Qd3 {[%emt 0:07:20]} a5 {[%emt 0:08:44]} 13. Nh4 {[%emt 0:05:05]} b5 {[%emt 0:04:26]} 14. Bb3 {[%emt 0:04:20]} a4 {[%emt 0:00:07]} 15. Bc2 {[%emt 0:00:25]} Bg6 {[%emt 0:00:14]} 16. Nxg6 {[%emt 0:04:13]} hxg6 {[%emt 0:00:08]} 17. c4 {[%emt 0:01:04]} bxc4 {[%emt 0:00:24]} 18. Qxc4 {[%emt 0:00:19]} Nb6 {[%emt 0:00:03]} 19. Qe2 {[%emt 0:02:44]} f5 {[%emt 0:03:30]} 20. Bd2 {[%emt 0:01:48]} Rfb8 {[%emt 0:11:46]} 21. b3 {[%emt 0:03:25]} a3 {[%emt 0:01:19]} 22. Rac1 {[%emt 0:00:30]} Qd7 {[%emt 0:09:42]} 23. Qd3 {[%emt 0:01:37]} Nd5 {[%emt 0:01:06]} 24. Bd1 {[%emt 0:04:19]} Bb4 {[%emt 0:03:46]} 25. Bf3 {[%emt 0:00:42]} Bxd2 {[%emt 0:06:02]} 26. Qxd2 {[%emt 0:00:24]} Re8 {[%emt 0:00:56]} 27. Rxe8+ {[%emt 0:03:19]} Rxe8 {[%emt 0:00:01]} 28. Qa5 {[%emt 0:01:17]} Qd6 {[%emt 0:01:30]} 29. Bxd5 {[%emt 0:00:53]} cxd5 {[%emt 0:00:44]} 30. Qd2 {[%emt 0:07:55]} f4 {[%emt 0:02:19]} 31. b4 {[%emt 0:08:25]} g5 {[%emt 0:05:51]} 32. b5 {[%emt 0:05:08]} Qe6 {[%emt 0:02:24]} 33. Rc3 {[%emt 0:03:56]} Qe1+ {[%emt 0:02:12]} 34. Qxe1 {[%emt 0:00:25]} Rxe1+ {[%emt 0:00:03]} 35. Kh2 {[%emt 0:00:24]} Rb1 {[%emt 0:00:03]} 36. Rxa3 {[%emt 0:04:17]} Rxb5 {[%emt 0:00:07]} 37. Rb3 {[%emt 0:08:24]} Ra5 {[%emt 0:00:23]} 38. a3 {[%emt 0:00:26]} f6 {[%emt 0:01:50]} 39. g4 {[%emt 0:02:27]} Kf7 {[%emt 0:03:37]} 40. Kg2 {[%emt 0:00:32]} Ra4 {[%emt 0:33:03]} 41. Rd3 {[%emt 0:38:23]} Ke6 {[%emt 0:02:50]} 42. Kf3 {[%emt 0:01:30]} Kd6 {[%emt 0:01:08]} 43. Ke2 {[%emt 0:00:25]} Rc4 {[%emt 0:02:49]} 44. Kd2 {[%emt 0:04:05]} Kd7 {[%emt 0:01:11]} 45. Rc3 {[%emt 0:00:00]} Ra4 {[%emt 0:00:00]} 46. Kd3 {[%emt 0:00:00]} Kd6 {[%emt 0:00:00]} 47. Rb3 {[%emt 0:00:00]} Kc6 {[%emt 0:00:00]} 48. Rc3+ {[%emt 0:00:00]} Kd6 {[%emt 0:00:00]} 49. Rb3 {[%emt 0:00:00]} Kc6 {[%emt 0:00:00]} 50. Rc3+ {[%emt 0:00:00]} Kd6 {[%emt 0:00:00]} 51. Rb3 1/2-1/2

[Event "WSCC 50 Open 2017"]
[Site "?"]
[Date "2017.11.12"]
[Round "6"]
[White "Baimurzin, Aitkazy"]
[Black "Petran, Peter"]
[Result "1/2-1/2"]
[WhiteElo "2170"]
[BlackElo "2330"]
[PlyCount "97"]
[EventDate "2017.??.??"]
[EventType "swiss"]
[EventCountry "ITA"]
[SourceTitle "Acqui Terme"]
[TimeControl "40/5400+30:1800+30"]

1. c4 g6 2. g3 Bg7 3. Bg2 d6 4. Nc3 c5 5. e3 Nc6 6. Nge2 e5 7. d3 Nge7 8. a3 a5 9. b3 O-O 10. O-O Rb8 11. Ra2 Be6 12. Rc2 b6 13. e4 Qd7 14. Be3 f5 15. Nd5 b5 16. Rc1 fxe4 17. dxe4 bxc4 18. bxc4 Nd4 19. Nec3 Nec6 20. Qa4 Bh3 21. Bxd4 Nxd4 22. Qxd7 Bxd7 23. Rb1 Be6 24. Rfd1 Bg4 25. Rdc1 Kf7 26. h3 Be2 27. Bf1 Nf3+ 28. Kg2 Bxf1+ 29. Rxf1 Nd2 30. Nb5 Kg8 31. Rfc1 Nxb1 32. Rxb1 Rf7 33. Rd1 Bf8 34. Rd3 Kg7 35. Ne3 Rb6 36. h4 a4 37. Nd5 Rc6 38. Ndc3 Ra6 39. Nd5 Rb7 40. Ndc3 h5 41. Kf1 Be7 42. Nd5 Bd8 43. Ke2 Kf7 44. Ndc3 Ke6 45. Nd5 Ra5 46. Ndc3 Be7 47. Rd1 Kd7 48. Rb1 Rb8 49. Rd1 1/2-1/2

[Event "WSCC 50 Open 2017"]
[Site "?"]
[Date "2017.11.12"]
[Round "6"]
[White "Biro, Sandor"]
[Black "Certek, Pavel"]
[Result "1/2-1/2"]
[WhiteElo "2168"]
[BlackElo "2295"]
[PlyCount "69"]
[EventDate "2017.??.??"]
[EventType "swiss"]
[EventCountry "ITA"]
[SourceTitle "Acqui Terme"]
[TimeControl "40/5400+30:1800+30"]
[WhiteClock "0:04:16"]
[BlackClock "0:02:59"]

1. e4 {[%emt 0:00:00]} c5 {[%emt 0:00:55]} 2. d4 {[%emt 0:00:00]} cxd4 {[%emt 0:00:15]} 3. c3 {[%emt 0:00:00]} d5 {[%emt 0:00:24]} 4. exd5 {[%emt 0:00:00]} Qxd5 {[%emt 0:00:02]} 5. cxd4 {[%emt 0:00:09]} Nc6 {[%emt 0:00:08]} 6. Nf3 {[%emt 0:00:05]} e5 {[%emt 0:00:03]} 7. Nc3 {[%emt 0:00:08]} Bb4 {[%emt 0:00:02]} 8. Be2 {[%emt 0:00:08]} e4 {[%emt 0:02:16]} 9. O-O {[%emt 0:00:07]} Bxc3 {[%emt 0:09:57]} 10. bxc3 {[%emt 0:00:06]} exf3 {[%emt 0:02:53]} 11. Bxf3 {[%emt 0:00:21]} Qa5 {[%emt 0:00:43]} 12. Re1+ {[%emt 0:00:15]} Nge7 {[%emt 0:01:13]} 13. d5 {[%emt 0:02:08]} O-O {[%emt 0:03:35]} 14. c4 {[%emt 0:07:39]} Qc3 {[%emt 0:17:35]} 15. Bd2 {[%emt 0:37:13]} Qxc4 {[%emt 0:01:32]} 16. Rc1 {[%emt 0:01:10]} Qxa2 {[%emt 0:09:15]} 17. dxc6 {[%emt 0:07:28]} Nxc6 {[%emt 0:00:58]} 18. Bc3 {[%emt 0:02:39]} Be6 {[%emt 0:03:00]} 19. Re2 {[%emt 0:03:21]} Rfd8 {[%emt 0:11:48]} 20. Qe1 {[%emt 0:01:15]} Qb3 {[%emt 0:03:01]} 21. Rb2 {[%emt 0:07:31]} Qa3 {[%emt 0:06:43]} 22. Rxb7 {[%emt 0:11:23]} Nd4 {[%emt 0:03:36]} 23. Bxd4 {[%emt 0:09:03]} Rxd4 {[%emt 0:00:10]} 24. Rxf7 {[%emt 0:06:22]} Re8 {[%emt 0:13:52]} 25. Rxg7+ {[%emt 0:01:12]} Kxg7 {[%emt 0:00:48]} 26. Qe5+ {[%emt 0:00:05]} Kg8 {[%emt 0:05:39]} 27. Qg5+ {[%emt 0:00:17]} Kf8 {[%emt 0:00:22]} 28. Qh6+ {[%emt 0:01:41]} Kg8 {[%emt 0:02:00]} 29. Qg5+ {[%emt 0:00:06]} Kf8 {[%emt 0:00:38]} 30. Qh6+ {[%emt 0:00:14]} Kg8 {[%emt 0:00:05]} 31. Qg5+ {[%emt 0:00:08]} Kh8 {[%emt 0:00:12]} 32. Qf6+ {[%emt 0:00:18]} Kg8 {[%emt 0:00:04]} 33. Qg5+ {[%emt 0:00:13]} Kf8 {[%emt 0:00:12]} 34. Qh6+ {[%emt 0:00:14]} Kg8 {[%emt 0:00:35]} 35. Qg5+ {[%emt 0:00:15]} 1/2-1/2

[Event "WSCC 50 Open 2017"]
[Site "?"]
[Date "2017.11.14"]
[Round "7"]
[White "Granda Zuniga, Julio E"]
[Black "Brendel, Oliver"]
[Result "1-0"]
[WhiteElo "2650"]
[BlackElo "2334"]
[Annotator "TA"]
[PlyCount "121"]
[EventDate "2017.??.??"]
[EventType "swiss"]
[EventCountry "ITA"]
[SourceTitle "Acqui Terme"]

{[%evp 17,121,12,18,16,17,0,6,8,16,8,10,12,24,27,15,15,22,16,16,12,22,16,0,0,0,18,0,10,43,0,47,2,0,-225,63,0,9,27,176,170,173,169,291,291,278,275,268,219,233,231,195,178,161,164,162,99,91,101,104,90,122,12,12,0,0,0,40,0,0,0,27,0,0,0,27,32,35,8,35,27,38,0,243,241,237,235,290,272,279,264,262,255,249,233,527,522,503,475,460,369,369,379,29947,29947,6431,6254]} 1. d4 Nf6 2. c4 g6 3. Nc3 d5 4. e3 Bg7 5. Bd2 O-O 6. Rc1 dxc4 7. Bxc4 Nbd7 {[%cal Bb8d7,Bd7b6,Bb6d5][%mdl 32]} 8. Nf3 c5 9. O-O {D94: Grünfeld: 4 Nf3 Bg7 5 e3} cxd4 {LiveBook: 3 Games} 10. Nxd4 a6 $146 ({Predecessor:} 10... Ne5 11. Be2 Bd7 12. e4 Nc6 13. Nxc6 Bxc6 14. Bf3 {½-½ (15) Portisch,F (2380)-Meleghegyi,C (2395) Budapest 1973}) 11. a4 {[%cal Ba2a4,Ba4a5][%mdl 32] The position is equal.} e5 12. Nb3 Nb6 13. Be2 Bf5 14. a5 Nbd5 15. Na4 Qe7 16. Nbc5 Rad8 17. Qb3 Nf4 18. exf4 Rxd2 19. Qe3 Rfd8 $36 {[%mdl 2048] Black has good play.} 20. fxe5 Ng4 21. Bxg4 $1 Bxg4 22. Rfe1 h5 23. Nb6 Kh7 24. b4 Bh6 25. Qb3 $2 (25. f4 $11 {and White has nothing to worry.}) 25... Kg8 $2 (25... R2d4 $19 26. f4 Bxf4) 26. Nc4 (26. h3 $14 Bf5 27. Nc4) 26... R2d4 $11 27. Ne3 Bg7 (27... Bxe3 $11 {and Black is okay.} 28. Qxe3 (28. Rxe3 Rd1+ 29. Re1 Rxc1 $11) 28... Rxb4) 28. Nxg4 $18 hxg4 29. e6 {aiming for exf7+.} R8d5 (29... R4d5 $142 30. Rb1 Bd4) 30. exf7+ Qxf7 31. Ne6 $1 {[%cal Re6d4]} Rd2 32. Rc8+ Rd8 33. Rxd8+ Rxd8 34. g3 Rd2 35. Qe3 Bh6 36. Qc5 ({Better is} 36. Nf4 $18 Rd7 37. Qc5) 36... Qf3 $16 {[#]} 37. Nf4 $1 Rd1 {[%cal Rd1e1]} 38. Qc4+ Kh8 39. Rf1 (39. Qf1 $16 Rxe1 40. Qxe1 Bxf4 41. gxf4) 39... Bxf4 $1 $11 40. gxf4 {[%mdl 4096] Endgame KQR-KQR} Kg7 $1 41. Qc7+ Kg8 42. Qe5 Kf7 43. Qe3 Rd3 44. Qe5 Rd1 45. Qe3 {Qxf3 is the strong threat.} Rd3 46. Qc1 Rc3 47. Qa1 Rd3 48. Qa2+ Kg7 49. Qe6 Rd2 $2 (49... Qxf4 $11 50. Qe7+ Kh6 51. Qh4+ Kg7 52. Qe7+ Kh6 53. Qh4+ Kg7 54. Qe7+) 50. Qe7+ $18 Kg8 {[#]} 51. Qg5 $1 Rd1 52. Qxg6+ Kf8 {intending ...Rxf1+.} 53. Qf6+ Kg8 54. Qe6+ Kg7 55. Re1 Rxe1+ $2 (55... Kf8 56. Qf6+ Kg8) 56. Qxe1 {KQ-KQ} Kf7 57. Qe3 Qd5 58. Qe2 Qd4 59. f5 {Black must now prevent Qe6+.} Kf6 $2 (59... Kf8 $18 60. f6 Qxb4) 60. Qe6+ Kg5 61. Qe3+ {Precision: White = 66%, Black = 42%.} 1-0

[Event "WSCC 50 Open 2017"]
[Site "?"]
[Date "2017.11.14"]
[Round "7"]
[White "Prie, Eric"]
[Black "Antonio, Rogelio Jr"]
[Result "1/2-1/2"]
[WhiteElo "2482"]
[BlackElo "2431"]
[Annotator "TA"]
[PlyCount "53"]
[EventDate "2017.??.??"]
[EventType "swiss"]
[EventCountry "ITA"]
[SourceTitle "Acqui Terme"]

{[%evp 12,53,0,-8,33,21,30,32,33,25,58,60,62,27,52,52,52,52,52,52,47,37,50,47,72,62,78,62,72,71,72,72,92,78,85,62,69,0,0,0,64,0,0,0]} 1. d4 Nf6 2. Nf3 e6 3. Bf4 c5 4. c3 Nc6 5. e3 d5 6. Nbd2 Bd6 7. Bg3 {LiveBook: 875 Partien} Nh5 {D02: Damenbauernspiele} (7... O-O 8. Bd3 b6 9. e4 Be7 10. e5 Nh5 11. Qe2 c4 12. Bc2 b5 13. a3 a5 14. Ng5 Bxg5 15. Qxh5 g6 16. Qe2 f5 {½-½ (72) Kamsky,G (2676)-Jakovenko,D (2710) Sochi 2017}) 8. Bh4 Be7 9. Bxe7 Qxe7 {Weiß steht etwas besser.} 10. Bb5 {[#] Droht Se5 und aus.} O-O $146 ({Vorgänger:} 10... Bd7 11. Nb3 cxd4 12. Nbxd4 Nf6 13. Qa4 Qd6 14. O-O O-O 15. Rfd1 e5 16. Nxc6 bxc6 {0-1 (36) Fromme,E (2142)-Jakel,W (2204) Hessen 2014}) 11. Bxc6 bxc6 12. O-O Nf6 13. Qa4 cxd4 14. cxd4 ({Ein No Go ist} 14. Nxd4 Bd7 $15) 14... Rb8 15. Rab1 Rb6 16. Rfc1 Ra6 17. Qb3 Nd7 18. a3 e5 19. dxe5 Nxe5 20. Nxe5 Qxe5 21. Nf3 Qh5 22. Rc5 Bh3 {[#] Und ...Dg6 würde nun gewinnen.} 23. Qd1 Qg6 {[%csl Gh3][%cal Rg6g2]} 24. Nh4 Qe4 25. Nf3 Qg6 $1 {[%csl Gh3][%cal Rg6g2]} 26. Nh4 (26. Ne1 $1 $14) 26... Qe4 $11 27. Nf3 {Precision: Weiß = 78%, Schwarz = 54%.} 1/2-1/2

[Event "WSCC 50 Open 2017"]
[Site "?"]
[Date "2017.11.14"]
[Round "7"]
[White "Reprintsev, Alexander"]
[Black "Sturua, Zurab"]
[Result "0-1"]
[WhiteElo "2361"]
[BlackElo "2536"]
[Annotator "TA"]
[PlyCount "150"]
[EventDate "2017.??.??"]
[EventType "swiss"]
[EventCountry "ITA"]
[SourceTitle "Acqui Terme"]

{[%evp 14,150,32,-8,14,15,28,0,1,-71,-72,-58,-60,-54,-13,-48,-47,-66,-72,-83,-75,-66,-79,-81,-86,-76,-6,-25,6,6,7,9,16,8,37,31,45,9,15,27,48,50,68,20,43,54,50,29,35,39,54,43,41,29,43,32,40,-26,37,16,25,0,15,0,0,0,0,0,0,0,0,-32,-32,-33,-32,-38,0,-63,-68,-67,-58,-123,-116,-145,-127,-135,-119,-134,-144,-308,-308,-343,-354,-443,-438,-442,-442,-442,-398,-429,-430,-435,-422,-435,-429,-419,-415,-410,-379,-404,-359,-341,-323,-435,-433,-415,-433,-435,-437,-433,-420,-398,-404,-434,-423,-441,-410,-452,-454,-506,-493,-593,-581,-585,-588,-576,-570,-689,-567]} 1. e4 e5 2. Nf3 Nc6 3. c3 Nf6 4. d4 Nxe4 5. d5 Ne7 6. Nxe5 Ng6 7. Nxg6 hxg6 8. Be3 {LiveBook: 4 Games} b6 $146 {C44: Ponziani Opening and Scotch Gambit} ({Predecessor:} 8... Be7 9. Be2 Nd6 10. g4 Bg5 11. Qc1 Bxe3 12. Qxe3+ Qe7 13. Qxe7+ Kxe7 14. Nd2 b6 15. O-O Bb7 16. Bf3 {0-1 (64) Michna,C (2273)-Iruzubieta Villaluenga,J (2426) Getxo 2017}) 9. Nd2 Nf6 10. Qe2 Be7 {The position is equal.} 11. d6 (11. Qd3 $11) 11... Bxd6 $17 12. Bxb6+ Be7 13. Bd4 d5 14. Bc5 Be6 15. Bxe7 Qxe7 16. Qe3 Ng4 17. Bb5+ Kf8 18. Qe2 Rb8 19. Nf3 c5 ({Black should play} 19... Bf5 $17 {aiming for ...Rxb5.} 20. Qxe7+ Kxe7) 20. h3 Bf5 {[#] White must now prevent ...Rxb5.} (20... Nf6 {keeps more tension.} 21. a4 Ne4 22. c4 Rh5 23. Rd1 Qc7) 21. O-O Qxe2 22. Bxe2 Nf6 23. b3 Ne4 24. Rac1 Ke7 25. Ne5 {Hoping for Nc6+.} Rhc8 26. Rfd1 Be6 27. Bf3 Nf6 28. g4 g5 29. c4 {[%cal Rc4d5]} dxc4 30. Nxc4 Rc7 31. Re1 g6 32. Re5 Nd7 33. Re3 Rb4 34. Bd5 Nf8 35. Ne5 ({Better is} 35. Na3 $14) 35... Rb6 (35... Bxd5 $11 36. Nxg6+ Kf6 37. Nxf8 Rd4) 36. Bc4 Kf6 37. Rce1 Kg7 38. Re4 Rd6 39. Nf3 Bxc4 40. Rxc4 Ne6 41. Re5 Kf6 42. h4 gxh4 43. g5+ Kg7 44. Rxh4 Rcd7 45. Kg2 (45. Ra4 $11) 45... Ra6 $1 $15 {[%cal Ra6a2]} 46. Re2 Rd1 47. Kg3 {[#]} (47. Rb2 $15) 47... Ra1 $1 $17 48. a4 Rb1 49. Re3 Rb6 50. Nd2 Rg1+ 51. Kf3 $2 (51. Kh2 $17 {was worth a try.} Rxg5 52. Rd3) 51... Nd4+ $19 ({Don't do} 51... Nxg5+ 52. Ke2 $19) ({Much less strong is} 51... Rxg5 52. Rc4 $19) 52. Kf4 Nf5 53. Rh2 Nxe3 54. fxe3 {[%mdl 4096] Endgame KRR-KRN} Rb4+ 55. e4 Rb8 56. Re2 Rc1 57. Re3 Rd8 58. Nc4 Rf1+ 59. Ke5 Rg1 60. Kf4 Rgd1 61. Ne5 Rf1+ 62. Kg3 Re8 63. Nd7 Rc1 64. Kf4 c4 {And now ...c3 would win.} 65. bxc4 Rxc4 66. Nf6 Rd8 67. Ra3 a5 68. Ke5 Rc5+ 69. Nd5 Rb8 70. Kd4 Rc1 {Black is clearly winning.} 71. Nf6 Rg1 72. e5 Rxg5 73. Rh3 {Rh7+ is the strong threat.} Rh8 74. Rc3 Rf5 75. Rc5 Rh4+ {Precision: White = 39%, Black = 64%.} 0-1

[Event "WSCC 50 Open 2017"]
[Site "?"]
[Date "2017.11.14"]
[Round "7"]
[White "Jhunjhnuwala, Krishan"]
[Black "Mantovani, Renzo"]
[Result "1-0"]
[WhiteElo "2340"]
[BlackElo "2307"]
[PlyCount "69"]
[EventDate "2017.??.??"]
[EventType "swiss"]
[EventCountry "ITA"]
[SourceTitle "Acqui Terme"]
[TimeControl "40/5400+30:1800+30"]
[WhiteClock "0:12:14"]
[BlackClock "0:01:06"]

1. e4 {[%emt 0:00:00]} e5 {[%emt 0:00:16]} 2. Nf3 {[%emt 0:00:37]} Nc6 {[%emt 0:00:19]} 3. Bb5 {[%emt 0:00:25]} Nf6 {[%emt 0:00:50]} 4. Qe2 {[%emt 0:01:46]} a6 {[%emt 0:05:34]} 5. Ba4 {[%emt 0:03:37]} b5 {[%emt 0:05:51]} 6. Bb3 {[%emt 0:00:14]} Bc5 {[%emt 0:00:10]} 7. a4 {[%emt 0:02:39]} Rb8 {[%emt 0:03:11]} 8. axb5 {[%emt 0:01:47]} axb5 {[%emt 0:00:04]} 9. O-O {[%emt 0:00:56]} O-O {[%emt 0:05:42]} 10. d3 {[%emt 0:05:14]} d6 {[%emt 0:04:48]} 11. h3 {[%emt 0:09:09]} Be6 {[%emt 0:01:06]} 12. Bxe6 {[%emt 0:09:22]} fxe6 {[%emt 0:00:09]} 13. Be3 {[%emt 0:00:33]} Bb6 {[%emt 0:24:47]} 14. Nbd2 {[%emt 0:01:40]} Qe8 {[%emt 0:05:15]} 15. Bxb6 {[%emt 0:12:41]} Rxb6 {[%emt 0:01:16]} 16. c3 {[%emt 0:00:54]} Qg6 {[%emt 0:11:20]} 17. Kh2 {[%emt 0:02:22]} Rbb8 {[%emt 0:00:41]} 18. d4 {[%emt 0:01:49]} Nh5 {[%emt 0:06:35]} 19. g3 {[%emt 0:01:54]} b4 {[%emt 0:11:47]} 20. Ra6 {[%emt 0:04:49]} bxc3 {[%emt 0:00:26]} 21. bxc3 {[%emt 0:00:29]} Qe8 {[%emt 0:04:21]} 22. Qc4 {[%emt 0:08:58]} Rb6 {[%emt 0:00:11]} 23. Rxb6 {[%emt 0:02:01]} cxb6 {[%emt 0:00:02]} 24. Rb1 {[%emt 0:01:38]} exd4 {[%emt 0:02:00]} 25. cxd4 {[%emt 0:00:54]} Nd8 {[%emt 0:01:04]} 26. Rxb6 {[%emt 0:01:33]} Nf7 {[%emt 0:01:21]} 27. Kg2 {[%emt 0:03:34]} Nf6 {[%emt 0:00:50]} 28. Ra6 {[%emt 0:04:20]} Qc8 {[%emt 0:01:53]} 29. Qxc8 {[%emt 0:02:40]} Rxc8 {[%emt 0:00:01]} 30. e5 {[%emt 0:00:35]} Ne8 {[%emt 0:00:50]} 31. Ne4 {[%emt 0:01:00]} Rd8 {[%emt 0:00:24]} 32. Neg5 {[%emt 0:02:25]} Nxg5 {[%emt 0:01:17]} 33. Nxg5 {[%emt 0:00:06]} dxe5 {[%emt 0:00:11]} 34. dxe5 {[%emt 0:00:59]} Rd2 {[%emt 0:01:52]} 35. Rxe6 {[%emt 0:01:36]} 1-0

[Event "WSCC 50 Open 2017"]
[Site "?"]
[Date "2017.11.14"]
[Round "7"]
[White "Petran, Peter"]
[Black "Cetinkaya, Vedat Ali"]
[Result "0-1"]
[WhiteElo "2330"]
[BlackElo "1968"]
[PlyCount "128"]
[EventDate "2017.??.??"]
[EventType "swiss"]
[EventCountry "ITA"]
[SourceTitle "Acqui Terme"]
[TimeControl "40/5400+30:1800+30"]
[WhiteClock "0:12:22"]
[BlackClock "0:23:13"]

1. Nf3 {[%emt 0:00:00]} d5 {[%emt 0:00:14]} 2. g3 {[%emt 0:00:00]} Nf6 {[%emt 0:00:14]} 3. Bg2 {[%emt 0:00:00]} g6 {[%emt 0:03:32]} 4. d3 {[%emt 0:00:08]} Bg7 {[%emt 0:00:09]} 5. Nbd2 {[%emt 0:00:09]} O-O {[%emt 0:01:24]} 6. O-O {[%emt 0:00:15]} c5 {[%emt 0:03:25]} 7. e4 {[%emt 0:00:08]} e6 {[%emt 0:01:17]} 8. c3 {[%emt 0:00:45]} dxe4 {[%emt 0:03:59]} 9. dxe4 {[%emt 0:00:07]} Nc6 {[%emt 0:01:48]} 10. Re1 {[%emt 0:00:06]} b6 {[%emt 0:11:45]} 11. Qc2 {[%emt 0:05:18]} Ba6 {[%emt 0:04:40]} 12. Qa4 {[%emt 0:02:07]} Qc8 {[%emt 0:04:36]} 13. Nf1 {[%emt 0:15:33]} Bd3 {[%emt 0:08:18]} 14. e5 {[%emt 0:02:51]} Nd7 {[%emt 0:08:15]} 15. Bf4 {[%emt 0:01:46]} Rd8 {[%emt 0:03:48]} 16. Bg5 {[%emt 0:04:43]} Re8 {[%emt 0:01:30]} 17. Qh4 {[%emt 0:07:38]} Bxf1 {[%emt 0:09:12]} 18. Kxf1 {[%emt 0:00:48]} Ndxe5 {[%emt 0:01:08]} 19. Nd2 {[%emt 0:05:00]} f5 {[%emt 0:07:47]} 20. Rad1 {[%emt 0:03:44]} Nd3 {[%emt 0:04:42]} 21. Re3 {[%emt 0:00:37]} Nxb2 {[%emt 0:00:58]} 22. Rb1 {[%emt 0:00:34]} Ne5 {[%emt 0:07:29]} 23. Rxb2 {[%emt 0:02:45]} Ng4 {[%emt 0:00:33]} 24. Re2 {[%emt 0:07:42]} h6 {[%emt 0:02:14]} 25. Bxh6 {[%emt 0:22:23]} Nxh6 {[%emt 0:01:47]} 26. Qg5 {[%emt 0:05:11]} Kh7 {[%emt 0:00:50]} 27. Bxa8 {[%emt 0:03:59]} Qxa8 {[%emt 0:00:08]} 28. Kg1 {[%emt 0:00:04]} Bxc3 {[%emt 0:01:25]} 29. Rc2 {[%emt 0:00:12]} Bg7 {[%emt 0:01:13]} 30. h3 {[%emt 0:02:00]} e5 {[%emt 0:03:40]} 31. Nf1 {[%emt 0:01:02]} e4 {[%emt 0:00:56]} 32. Red2 {[%emt 0:01:24]} Qc6 {[%emt 0:01:06]} 33. Qe3 {[%emt 0:02:24]} Qe6 {[%emt 0:00:44]} 34. a4 {[%emt 0:01:46]} Nf7 {[%emt 0:00:24]} 35. Qe2 {[%emt 0:00:49]} Ne5 {[%emt 0:00:16]} 36. Rd1 {[%emt 0:00:33]} Nf3+ {[%emt 0:00:28]} 37. Kg2 {[%emt 0:00:06]} Nd4 {[%emt 0:00:16]} 38. Qc4 {[%emt 0:02:05]} Nxc2 {[%emt 0:00:22]} 39. Qxc2 {[%emt 0:00:01]} Bd4 {[%emt 0:00:24]} 40. Ne3 {[%emt 0:00:36]} Kg7 {[%emt 0:30:48]} 41. Re1 {[%emt 0:30:34]} Rh8 {[%emt 0:01:25]} 42. Nc4 {[%emt 0:00:00]} a6 {[%emt 0:00:00]} 43. h4 {[%emt 0:00:00]} b5 {[%emt 0:00:00]} 44. axb5 {[%emt 0:00:00]} axb5 {[%emt 0:00:00]} 45. Nd2 {[%emt 0:00:00]} Qd5 {[%emt 0:00:00]} 46. Nb3 {[%emt 0:00:00]} Rd8 {[%emt 0:00:00]} 47. Rd1 {[%emt 0:00:00]} Qc4 {[%emt 0:00:00]} 48. Qxc4 {[%emt 0:00:00]} bxc4 {[%emt 0:00:00]} 49. Nxc5 {[%emt 0:00:00]} Kf6 {[%emt 0:00:00]} 50. Nb7 {[%emt 0:00:00]} Rd5 {[%emt 0:00:00]} 51. Na5 {[%emt 0:00:00]} Rxa5 {[%emt 0:00:00]} 52. Rxd4 {[%emt 0:00:00]} Rc5 {[%emt 0:00:00]} 53. Kf1 {[%emt 0:00:00]} Ke5 {[%emt 0:00:00]} 54. Rd1 {[%emt 0:00:00]} Rd5 {[%emt 0:00:00]} 55. Rc1 {[%emt 0:00:00]} Kd4 {[%emt 0:00:00]} 56. Ke2 {[%emt 0:00:00]} c3 {[%emt 0:00:00]} 57. Ra1 {[%emt 0:00:00]} Kc5 {[%emt 0:00:00]} 58. Ke3 {[%emt 0:00:00]} Kb4 {[%emt 0:00:00]} 59. Kf4 {[%emt 0:00:00]} Rd2 {[%emt 0:00:00]} 60. Kg5 {[%emt 0:00:00]} Rxf2 {[%emt 0:00:00]} 61. Kxg6 {[%emt 0:00:00]} e3 {[%emt 0:00:00]} 62. h5 {[%emt 0:00:00]} e2 {[%emt 0:00:00]} 63. Re1 {[%emt 0:00:56]} Kc4 {[%emt 0:00:00]} 64. h6 {[%emt 0:00:49]} Kd3 {[%emt 0:00:00]} 0-1